000 00778cam a22001934a 4500
005 20250605164203.0
008 250528s ||||||||||||||||||||||||d
035 _a19791
020 _a9608136679
040 _aGR-AtMCL
_bgre
_dGR-AtMCL
_eAACR2
245 1 _aNew Fowler Proficiency / Use of English 1
260 _bNew Editions,
_c2001
300 _a216
520 _aThe first part of a two-part course providing a graded, step-by-step approach designed to teach students how to handle each of the five types of question they will encounter in the Use of English exam. Practice Test 1, Practice Test 2, Comprehension and Summary, Appendices, Verbs Taking Prepositions, Related Words.
700 1 _aFowler W.S
_95207
942 _cBK
999 _c5043
_d5043